[Event "SWE-chT 0001"]
[Site "Sweden"]
[Date "2000.10.14"]
[Round "2"]
[White "Berg, Emanuel"]
[Black "Hellers, Ferdinand"]
[Result "1-0"]
[WhiteElo "2561"]
[BlackElo "2667"]
[PlyCount "75"]
[EventDate "2000.10.13"]
[EventType "team"]
[EventRounds "11"]
[EventCountry "SWE"]
[SourceTitle "EXT 2006"]
[Source "ChessBase"]
[SourceDate "2005.11.24"]
[SourceVersion "1"]
[SourceVersionDate "2005.11.24"]
[SourceQuality "1"]
[WhiteTeam "Lunds"]
[BlackTeam "Wasa"]
[WhiteTeamCountry "SWE"]
[BlackTeamCountry "SWE"]

1. e4 c5 2. Nf3 Nc6 3. d4 cxd4 4. Nxd4 Nf6 5. Nc3 e5 6. Ndb5 d6 7. Bg5 a6 8.
Na3 b5 9. Bxf6 gxf6 10. Nd5 Bg7 11. g3 f5 12. Bg2 fxe4 13. Bxe4 Be6 14. Qh5 Rc8
15. Rd1 Ne7 16. c3 Rc5 17. Nb4 Qb6 18. Qg5 Kf8 19. Qe3 h5 20. O-O f5 21. Nd5
Nxd5 22. Bxd5 Bxd5 23. Rxd5 Qc6 24. Rxc5 dxc5 25. Rd1 Ke7 26. c4 h4 27. Rd5
hxg3 28. hxg3 Rc8 29. Qg5+ Bf6 30. Rxe5+ Kf7 31. Qxf5 Rd8 32. Qh5+ Kf8 33. Qh6+
Kf7 34. Qh7+ Kf8 35. Qh6+ Kf7 36. Qh5+ Kf8 37. Rxc5 Qe6 38. Qf5 1-0